Logo CIB grande

LA ENCRUCIJADA DE LA EMPRESA PRIVADA ECUATORIANA: QUEDARSE REZAGADO EN EL PASADO O PROYECTARSE AL FUTURO (Registro nro. 215841)

Detalles MARC
000 -LEADER
campo de control de longitud fija 00636nam a2200241Ia 4500
003 - IDENTIFICADOR DE NÚMERO DE CONTROL
campo de control EC-GqESP
005 - FECHA Y HORA DE LA ÚLTIMA TRANSACCIÓN
campo de control 20260119105725.0
008 - DATOS DE LONGITUD FIJA--INFORMACIÓN GENERAL
campo de control de longitud fija 250425s9999 xx 000 0 und d
010 ## - NÚMERO DE CONTROL DE LA BIBLIOTECA DEL CONGRESO
Número de control de LC 28443
041 ## - CÓDIGO DE IDIOMA
Código de lengua del texto/banda sonora o título independiente spa
043 ## - CÓDIGO DE ÁREA GEOGRÁFICA
Código de área geográfica ec
082 ## - NÚMERO DE LA CLASIFICACIÓN DECIMAL DEWEY
Número de clasificación 658.4
100 ## - ENTRADA PRINCIPAL--NOMBRE DE PERSONA
Nombre de persona AROSEMENA AROSEMENA, GUILLERMO
245 #0 - MENCIÓN DEL TÍTULO
Título LA ENCRUCIJADA DE LA EMPRESA PRIVADA ECUATORIANA: QUEDARSE REZAGADO EN EL PASADO O PROYECTARSE AL FUTURO
250 ## - MENCION DE EDICION
Mención de edición 1A ED.
260 ## - PUBLICACIÓN, DISTRIBUCIÓN, ETC.
Lugar de publicación, distribución, etc. Ecuador
Nombre del editor, distribuidor, etc. ESPOL
Fecha de publicación, distribución, etc. 2000
260 ## - PUBLICACIÓN, DISTRIBUCIÓN, ETC.
Lugar de publicación, distribución, etc. GUAYAQUIL
300 ## - DESCRIPCIÓN FÍSICA
Extensión 105
650 ## - PUNTO DE ACCESO ADICIONAL DE MATERIA--TÉRMINO DE MATERIA
Término de materia o nombre geográfico como elemento de entrada ADMINISTRACION DE EMPRESAS
650 ## - PUNTO DE ACCESO ADICIONAL DE MATERIA--TÉRMINO DE MATERIA
Término de materia o nombre geográfico como elemento de entrada ECUADOR
650 ## - PUNTO DE ACCESO ADICIONAL DE MATERIA--TÉRMINO DE MATERIA
Término de materia o nombre geográfico como elemento de entrada EMPRESA PRIVADA
942 ## - ELEMENTOS DE ENTRADA SECUNDARIOS (KOHA)
Tipo de ítem Koha Libros
Existencias
Estatus retirado Estado de pérdida Estado de daño No para préstamo Biblioteca de origen Biblioteca actual Fecha de adquisición Coste, precio normal de compra Total de préstamos Código de barras Copia número Ubicación en estantería Nota pública Tipo de ítem Koha
        CENTRO DE INFORMACIÓN BIBLIOTECARIA CENTRO DE INFORMACIÓN BIBLIOTECARIA 12/06/2017 10.00   D-107904 16   ESPOL Libros
        CENTRO NACIONAL DE INVESTIGACIONES MARINAS CENTRO NACIONAL DE INVESTIGACIONES MARINAS 21/03/2016 5.00   D-81901 14      
        CENTRO NACIONAL DE INVESTIGACIONES MARINAS CENTRO NACIONAL DE INVESTIGACIONES MARINAS 16/12/2015 10.00   D-81449 13      
        ESCUELA DE NEGOCIOS ESCUELA DE NEGOCIOS 02/02/2001 5.00   D-P 01711 17   DONADO  
        ESCUELA DE NEGOCIOS ESCUELA DE NEGOCIOS 23/07/2001 5.00   D-P 01712 18   DONADO  
        ESCUELA DE NEGOCIOS ESCUELA DE NEGOCIOS 14/09/2009 7.00   D-P 10139 20   DONADO  
        ESCUELA DE NEGOCIOS ESCUELA DE NEGOCIOS 24/09/2004 10.00   D-P 07277 19   DONADO  
        FACULTAD DE INGENIERIA MECANICA Y CIENCIAS DE LA PRODUCCION FACULTAD DE INGENIERIA MECANICA Y CIENCIAS DE LA PRODUCCION 28/06/2004 5.00   D-30643 6      

Copyright 2025 ESPOL. Todos los derechos reservados.